000 00742nam a2200217 i 4500
001 bg
245 0 0 _aĆwiczenia laboratoryjne z materiałoznawstwa :
_bpraca zbiorowa /
_cpod red. Tadeusza Jeszke ; [aut. Mirosław Czechowski et al.]. - Cz. 1.
250 _a[Wyd. 2 uaktual.].
260 _aGdynia :
_bWydaw. Uczelniane WSM [Wyższej Szkoły Morskiej],
_c1993.
300 _a236 s., [1] k. złoż. :
_brys., wykr. ;
_c21 cm.
504 _aBibliogr. przy rozdz.
650 9 _aMateriałoznawstwo
655 _aPodręczniki akademickie
700 1 _aJESZKE, Tadeusz.
_eRed.
700 1 _aCZECHOWSKI, Mirosław.
040 _cBPK
041 _apol
080 _a620.1/.2(075.8)
942 _cKS
008 s pl f |000 0 pol
999 _c6329
_d6329
856 _uhttp://koha.tu.koszalin.pl/cgi-bin/koha/opac-detail.pl?biblionumber=6329
_yKatalog online BPK